000
00329nam a22001457a 4500
999
_c
9213
_d
9213
003
OSt
008
201119b ||||| |||| 00| 0 eng d
100
_a
Upadhyaya, J.C.
245
_a
Classical Mechanics
250
_a
3rd
260
_a
New Delhi
_b
Himalaya
_c
2019
300
_a
554
650
_a
B.Sc Non Medical
942
_2
ddc
_c
BK